Những vấn đề lý thuyết lịch sử văn học và ngôn ngữ
Zapisane w:
| Format: | Książka |
|---|---|
| Język: | Undetermined |
| Wydane: |
Hà Nội
Giáo Dục
2001
|
| Hasła przedmiotowe: | |
| Etykiety: |
Dodaj etykietę
Nie ma etykietki, Dołącz pierwszą etykiete!
|
| Thư viện lưu trữ: | Trung tâm Học liệu Trường Đại học Cần Thơ |
|---|
| LEADER | 00497nam a2200145Ia 4500 | ||
|---|---|---|---|
| 001 | CTU_47467 | ||
| 008 | 210402s9999 xx 000 0 und d | ||
| 082 | |a 895.92209 | ||
| 082 | |b Nh556 | ||
| 245 | 0 | |a Những vấn đề lý thuyết lịch sử văn học và ngôn ngữ | |
| 260 | |a Hà Nội | ||
| 260 | |b Giáo Dục | ||
| 260 | |c 2001 | ||
| 650 | |a vietnamese language - linguistics,vietnamese literature - history | ||
| 980 | |a Trung tâm Học liệu Trường Đại học Cần Thơ | ||